[Event "Superbet Rapid GCT 2019"]
[Site "Bucharest"]
[Date "2019.11.06"]
[Round "2.5"]
[White "Korobov, Anton"]
[Black "Le, Quang Liem"]
[Result "1/2-1/2"]
[WhiteElo "2679"]
[BlackElo "2708"]
[Annotator "TA"]
[PlyCount "81"]
[EventDate "2019.11.06"]
[EventType "tourn"]
[EventCountry "ROU"]
[SourceTitle "playchess.com"]
[Source "ChessBase"]
[SourceQuality "1"]

{[%evp 17,81,-6,0,0,0,0,-1,-8,0,-8,-15,-17,-14,-43,-31,-37,-37,-52,-46,-31,-29,-70,-71,-94,-50,-95,-111,-104,-70,-106,-101,-110,-14,-16,-16,-20,-2,-9,-6,-7,10,9,12,12,12,11,14,0,0,0,14,14,14,8,8,8,4,0,0,0,0,0,0,0,0,0]} 1. d4 d5 2. Bg5 Nf6 3. Bxf6 exf6 4. e3 Bd6 5. c4 dxc4 6. Bxc4 f5 7. Nc3 Nd7 8. Nf3 O-O 9. O-O c6 10. a3 {D00: 1 d4 d5: Unusual lines} Qe7 11. Qc2 Nf6 12. h3 (12. b4 Bd7 13. Bd3 g6 14. Na4 Rad8 15. Nc5 Bc8 16. Bc4 Kg7 17. Rab1 Ne4 {½-½ (50) Korobov,A (2715)-Leko,P (2737) Kiev 2013}) 12... g6 13. b4 $146 ({Predecessor:} 13. Rfe1 Bd7 14. Rad1 Rad8 15. Ba2 Kg7 16. Na4 Ne4 {½-½ (27) Engwall,C (2258)-Viberg,J (2162) ICCF email 2012}) 13... Bd7 14. Rab1 b5 15. Ba2 a5 {[%cal Ra5b4]} 16. Qb2 Ra7 17. Rfd1 axb4 18. axb4 Rfa8 $36 {[%mdl 2048] White is under pressure.} 19. d5 c5 $1 {[%cal Rc5b4]} 20. bxc5 Bxc5 {aiming for ...b4.} 21. Bb3 {[#]} b4 $1 {[%cal Rb4c3]} 22. Ne2 Bd6 23. Nfd4 Qe5 {White must now prevent ...Qh2+.} 24. g3 Ne4 ({Reject} 24... Nxd5 $6 25. Qd2 $11) (24... Ba4 $17) 25. Nc6 $11 {The position is equal.} Qxb2 26. Rxb2 Ra1 {[#] Hoping for ...Rxd1+.} 27. Rxa1 Rxa1+ 28. Kg2 Nc3 29. Nxc3 bxc3 30. Rc2 Bxc6 31. dxc6 {[%mdl 4096] Endgame KRB-KRB} Bb4 32. Kf3 Kf8 33. Ke2 Ke7 34. Kd3 Ba5 35. h4 Rd1+ 36. Kc4 Kd6 37. Kb5 Rb1 38. Kxa5 Rxb3 39. Ka4 $1 {[%cal Ra4b3]} Rb6 40. Rxc3 {Strongly threatening c7.} Rxc6 41. Kb3 {Accuracy: White = 52%, Black = 62%.} 1/2-1/2

[Event "Superbet Rapid GCT 2019"]
[Site "Bucharest"]
[Date "2019.11.06"]
[Round "3.1"]
[White "Karjakin, Sergey"]
[Black "Giri, Anish"]
[Result "0-1"]
[WhiteElo "2760"]
[BlackElo "2780"]
[Annotator "TA"]
[PlyCount "66"]
[EventDate "2019.11.06"]
[EventType "tourn"]
[EventCountry "ROU"]
[SourceTitle "playchess.com"]
[Source "ChessBase"]
[SourceQuality "1"]

{[%evp 15,76,14,28,3,10,6,25,0,0,0,0,-7,0,-31,-7,-58,-66,-55,-53,-101,-100,-102,-112,-104,-104,-109,-112,-127,-116,-136,-135,-135,-114,-118,-106,-140,-145,-173,-174,-321,-139,-199,-198,-197,-153,-227,-202,-239,-237,-209,-173,-193,-188,-195,-218,-200,-150,-802,-787,-5585,-3061,-1307,-1069]} 1. e4 c5 2. Nf3 d6 3. d4 cxd4 4. Nxd4 Nf6 5. Nc3 a6 6. Be3 e5 7. Nf3 Be7 8. Bc4 Be6 9. Bb3 {B90: Sicilian Najdorf: Unusual White 6th moves, 6 Be3 Ng4 and 6 Be3 e5} Nbd7 10. O-O Rc8 11. Nh4 {White has an edge.} Nc5 12. Bxc5 $146 ({Predecessor:} 12. Nf5 Bxf5 13. exf5 Nxb3 14. axb3 Qd7 15. Qf3 d5 16. Bg5 d4 17. Bxf6 Bxf6 {0-1 (41) Sjugirov,S (2663)-Sarana,A (2618) Khanty-Mansiysk 2018}) 12... Rxc5 13. Re1 Qd7 14. g3 O-O 15. Ng2 (15. Qd3 $11) 15... Bd8 $15 16. Qd3 Ba5 17. Rad1 Rd8 $1 18. Re3 Bxc3 19. bxc3 b5 20. Qe2 Qc6 21. Qe1 h6 22. f3 Rc8 23. Rdd3 Bc4 24. Bxc4 Rxc4 25. h4 a5 26. Kh2 Qc5 27. g4 (27. Re2 {might work better.}) 27... b4 (27... d5 $1 $19 {[%cal Rd5e4] and Black stays clearly on top. ...dxe4 is the strong threat.} 28. exd5 e4) 28. g5 {[#]} (28. Qg3 $17) 28... hxg5 $1 $19 {Strongly threatening ...g4.} 29. hxg5 {[#]} Nh5 $1 30. Rd5 (30. cxb4 $17 {was called for.} axb4 31. Re2) 30... Qc7 31. cxb4 axb4 (31... Rxc2 32. Re2) 32. Re2 g6 ({Don't take} 32... Rxc2 33. Rxc2 Qxc2 34. Rd2) 33. Ne3 Kg7 {Played: Nh5-f4} 0-1

[Event "Superbet Rapid GCT 2019"]
[Site "Bucharest"]
[Date "2019.11.06"]
[Round "3.2"]
[White "Artemiev, Vladislav"]
[Black "Korobov, Anton"]
[Result "0-1"]
[WhiteElo "2746"]
[BlackElo "2679"]
[Annotator "TA"]
[PlyCount "126"]
[EventDate "2019.11.06"]
[EventType "tourn"]
[EventCountry "ROU"]
[SourceTitle "playchess.com"]
[Source "ChessBase"]
[SourceQuality "1"]

{[%evp 15,126,29,22,21,19,16,32,10,10,10,13,10,39,38,29,24,28,28,31,29,38,23,37,34,44,22,24,8,11,8,18,17,25,12,14,12,12,0,0,-35,-37,-29,-14,-20,-19,-17,33,33,28,35,41,30,50,8,8,0,22,0,0,0,0,-3,-6,-25,-25,-29,-29,-297,-297,-566,-297,-1230,-1197,-1147,-1149,-701,-400,-29962,-29960,-29970,-29972,-29968,-29968,-29969,-7413,-29969,-29970,-29972,-29973,-29972,-6187,-29973,-29974,-29974,-29974,-29975,-29976,-29974,-29975,-29969,-29970,-29978,-29979,-29979,-29980,-29981,-29982,-29993,-29983,-29983,-29984,-29985,-29986]} 1. Nf3 d5 2. g3 g6 3. Bg2 Bg7 4. d4 Nf6 5. O-O c6 6. b3 O-O 7. Bb2 Bf5 8. c4 Ne4 9. e3 {D78: Fianchetto Grünfeld: 6 0-0 c6} Nd7 10. Qe2 a5 11. Nc3 {White is slightly better.} Nxc3 12. Bxc3 Qb6 13. Rfc1 Rfe8 $146 ({Predecessor:} 13... Rfc8 14. h3 Be4 15. Ng5 Bxg2 16. Kxg2 Nf6 17. Rab1 Qa6 18. a4 {½-½ (31) Meier,G (2648)-Paehtz,E (2459) Douglas 2016}) 14. cxd5 cxd5 15. Ne5 Nf6 16. Be1 Ne4 17. g4 Be6 18. h3 f6 19. Nd3 Bf7 20. Nc5 Nd6 21. Rd1 Qa7 22. Rac1 b6 23. Na4 Rac8 24. Bf1 b5 25. Rxc8 Rxc8 26. Nc5 e5 27. Qd2 b4 28. Rc1 Bh6 29. Qb2 exd4 30. Qxd4 Bg7 {[#] And now ...f5 would win.} (30... Rc7 $5 31. Bd2 $8 Bg5 $11) 31. Ne6 $1 {[%mdl 512]} Qxd4 $1 (31... Bxe6 32. Qxa7) 32. Rxc8+ Nxc8 33. Nxd4 Ne7 34. Bb5 f5 35. f3 f4 36. Kf2 Bxd4 37. exd4 $11 {[%mdl 4096] Endgame KBB-KBN} g5 38. Ke2 Kf8 39. h4 h6 40. Bd7 Be8 41. Be6 $2 {[%mdl 8192]} (41. Bxe8 $11 {and White is okay.} Kxe8 42. Kd3) 41... Kg7 $19 42. hxg5 $2 (42. Bd2 {only move.}) 42... hxg5 43. Bf5 $2 (43. Bd2) 43... Nxf5 44. gxf5 {KB-KB} Bb5+ 45. Kd1 Kf6 46. a3 (46. Bd2 $19 Kxf5 47. Ke1) 46... bxa3 {[%cal Bb4a3,Ba3a2][%mdl 32]} 47. Bxa5 a2 48. Bc3 Kxf5 49. Ke1 Ba6 (49... Bd3 $142 50. b4 Ke6 51. Kd2 {[#]} Be4 $1 {[%mdl 512]} 52. Ke2 Bg6 53. b5 Bh5 54. Kd2 Bxf3 55. b6 Kd7 56. b7 Kc7 57. Kc2 Kxb7 58. Kb2 Kb6 59. Kxa2 Kb5 60. Ka3 Kc4 61. Ba5 Kxd4 62. Bd8 g4 63. Kb4 g3 64. Bb6+ Ke4 65. Kc3 Be2 66. Bg1 f3 67. Kd2 Ba6 68. Ke1 f2+ 69. Bxf2 gxf2+ 70. Kxf2 d4 71. Ke1 Ke3 72. Kd1 d3 73. Kc1 d2+ 74. Kc2 Be2 75. Kb3 d1=Q+ 76. Kb4 Kd4 77. Ka5 Qb1 78. Ka4 Bc4 79. Ka5 Qb5#) 50. Kf2 Bd3 51. Bb2 Bc2 52. b4 Bd3 53. Bc3 Ke6 {Black mates.} 54. Ke1 Kd7 55. Kd2 Bg6 56. b5 Bh5 57. Kc2 Bxf3 58. Kb2 Be2 59. b6 Bc4 60. Bb4 Kc6 61. Be7 g4 62. Bg5 f3 63. Bh4 Kxb6 {Accuracy: White = 28%, Black = 64%.} 0-1

[Event "Superbet Rapid GCT 2019"]
[Site "Bucharest"]
[Date "2019.11.06"]
[Round "3.3"]
[White "Caruana, Fabiano"]
[Black "So, Wesley"]
[Result "1-0"]
[WhiteElo "2812"]
[BlackElo "2767"]
[Annotator "TA"]
[PlyCount "71"]
[EventDate "2019.11.06"]
[EventType "tourn"]
[EventCountry "ROU"]
[SourceTitle "playchess.com"]
[Source "ChessBase"]
[SourceQuality "1"]

{[%evp 13,71,12,18,21,18,11,43,8,39,0,4,0,6,0,6,0,0,-16,103,93,67,99,45,-12,0,0,0,-16,0,0,0,0,0,0,0,0,0,0,7,0,0,0,0,0,0,0,38,31,25,34,77,77,72,77,122,122,117,105,479,469]} 1. e4 e5 2. Nf3 Nc6 3. Bc4 Bc5 4. c3 Nf6 5. d3 d6 6. O-O a6 7. a4 O-O 8. Re1 {C54: Giuoco Piano: 4 c3 Nf6, main lines with 5 d4 and 5 d3} Ba7 $146 (8... h6 9. h3 a5 10. Nbd2 Be6 11. b3 d5 12. exd5 Nxd5 13. Ne4 Bb6 14. Ra2 f5 15. Ng3 Qf6 16. Nxe5 Nxe5 {½-½ (40) Ding,L (2813)-Anand,V (2773) Wijk aan Zee 2019}) 9. h3 Kh8 (9... Ne7 10. Nbd2 Ng6 11. Nf1 c6 12. Bb3 d5 13. exd5 Nxd5 14. d4 exd4 15. Nxd4 Be6 16. Bc2 Qf6 17. Ng3 Bxd4 18. cxd4 {½-½ (42) Caruana,F (2795)-So,W (2773) Saint Louis 2016}) 10. d4 {White is slightly better.} Ng8 11. b4 exd4 12. cxd4 Nxb4 13. a5 f6 14. Nc3 Ne7 15. Ne2 d5 {[#]} (15... c5 $11) 16. exd5 $1 $16 Nbxd5 17. Ba3 Re8 18. Ng3 ({White should try} 18. Qb3 $14) 18... Bd7 $11 19. Qb3 $1 Bc6 20. Re4 b5 21. axb6 $1 Nxb6 22. Bxe7 Rxe7 23. Rxe7 Qxe7 24. Bxa6 Bd5 25. Qc3 Rd8 26. Re1 Qd7 27. Qc5 {And now Re7 would win.} Qc6 28. Qe7 Qd7 29. Nh4 Bf7 30. Bb5 $36 {[%mdl 2048] White is more active.} Qxe7 31. Rxe7 Bd5 32. Nh5 Nc8 33. Rxg7 Bxd4 {[#]} 34. Bd3 $1 {[%cal Rd3h7]} Bg8 35. Nf5 Nd6 $2 {[%mdl 8192]} (35... c5 $16 {is a better chance.}) 36. Nxd4 {Accuracy: White = 59%, Black = 40%.} 1-0

[Event "Superbet Rapid GCT 2019"]
[Site "Bucharest"]
[Date "2019.11.06"]
[Round "3.4"]
[White "Le, Quang Liem"]
[Black "Aronian, Levon"]
[Result "1/2-1/2"]
[WhiteElo "2708"]
[BlackElo "2758"]
[Annotator "TA"]
[PlyCount "109"]
[EventDate "2019.11.06"]
[EventType "tourn"]
[EventCountry "ROU"]
[SourceTitle "playchess.com"]
[Source "ChessBase"]
[SourceQuality "1"]

{[%evp 13,109,14,13,7,14,0,20,7,7,8,16,0,11,9,1,6,12,16,14,11,18,7,28,14,23,25,25,29,24,21,29,23,18,16,24,24,29,29,45,27,39,22,21,25,22,22,30,23,22,14,9,9,8,8,8,8,8,8,17,0,0,0,0,0,0,0,0,0,0,0,0,0,0,0,0,0,6,0,0,0,0,0,0,0,0,0,0,0,0,0,0,0,0,0,0,0,0,0]} 1. e4 e5 2. Nf3 Nc6 3. Bc4 Nf6 4. d3 Bc5 5. O-O d6 6. c3 O-O 7. h3 Bb6 8. Re1 {C54: Giuoco Piano: 4 c3 Nf6, main lines with 5 d4 and 5 d3} Ne7 9. d4 Ng6 10. Nbd2 c6 11. Bf1 Re8 12. a4 d5 13. dxe5 {[#]} Nxe5 $146 ({Predecessor:} 13... Nxe4 14. Nxe4 dxe4 15. Qxd8 Rxd8 16. Rxe4 Rd1 17. Re1 Rxe1 18. Nxe1 Nxe5 19. Bf4 Ng6 20. Bd6 a5 21. Nf3 {½-½ (21) Smirin,I (2669)-Schroeder,J (2541) London 2016}) 14. exd5 Nxf3+ 15. Nxf3 Rxe1 16. Qxe1 {next dxc6 is good for White.} Qxd5 17. c4 Qe6 18. a5 Bc5 19. Bd2 a6 20. Bc3 Qxe1 21. Rxe1 Bd7 22. Bd3 Rd8 23. Bc2 Be6 24. b3 h6 25. Kf1 Kf8 26. Re2 Ng8 27. Rd2 (27. Ne5 {is more complex.} Bc8 28. Nd3 Bd6 29. Bd4 Ne7 30. Bb6) 27... Rxd2 28. Nxd2 Nf6 29. Nf3 Ne8 30. Nd4 Bd7 31. Nf5 {The position is equal.} h5 32. Ng3 g6 33. Ne4 Be7 34. Ke2 Bf5 35. Bd3 Nc7 36. Nf6 Bxd3+ 37. Kxd3 $11 {[%mdl 4096] Endgame KBN-KBN} Ne6 38. g3 Nc5+ 39. Kc2 Bxf6 40. Bxf6 {KB-KN} Ne4 41. Bd4 Ng5 42. h4 Ne6 43. Bf6 Nc5 44. b4 Nd7 45. Bd4 Ke7 46. Kd3 Kd6 47. Be3 c5 48. b5 Ne5+ 49. Kc3 Ng4 50. Bf4+ Ke6 51. f3 Nh2 52. Be3 Kd6 53. Bf4+ Ke6 54. Be3 Kd6 55. Bf4+ {Accuracy: White = 67%, Black = 75%.} 1/2-1/2

[Event "Superbet Rapid GCT 2019"]
[Site "Bucharest"]
[Date "2019.11.06"]
[Round "3.5"]
[White "Anand, Viswanathan"]
[Black "Mamedyarov, Shakhriyar"]
[Result "1/2-1/2"]
[WhiteElo "2765"]
[BlackElo "2767"]
[Annotator "TA"]
[PlyCount "99"]
[EventDate "2019.11.06"]
[EventType "tourn"]
[EventCountry "ROU"]
[SourceTitle "playchess.com"]
[Source "ChessBase"]
[SourceQuality "1"]

{[%evp 14,99,15,7,14,9,9,8,17,12,21,8,24,8,22,14,11,22,17,11,4,14,7,9,104,94,105,97,148,107,106,106,102,45,50,47,58,46,55,23,62,11,52,33,105,86,93,89,96,90,80,81,104,103,130,111,167,135,172,174,166,175,171,158,209,172,201,221,295,301,277,280,304,292,299,220,222,41,39,0,0,0,3,0,0,0,4,0]} 1. e4 e5 2. Nf3 Nc6 3. Bc4 Bc5 4. O-O Nf6 5. d3 d6 6. c3 h6 7. Re1 O-O 8. h3 Bb6 {C54: Giuoco Piano: 4 c3 Nf6, main lines with 5 d4 and 5 d3} (8... a6 9. a4 a5 10. Nbd2 Be6 11. Bb5 Na7 12. d4 Nxb5 13. dxc5 Na7 14. b3 Re8 15. cxd6 Qxd6 16. Ba3 {1-0 (43) Carlsen,M (2882)-So,W (2776) Saint Louis 2019}) 9. a4 a5 10. Nbd2 Ne7 11. Bb3 c6 12. d4 Ng6 13. Bc2 Re8 14. Nf1 d5 {[#]} 15. Nxe5 $146 ({Predecessor:} 15. Ng3 dxe4 16. Nxe4 Nxe4 17. Bxe4 {½-½ (76) Amin,B (2710)-Sychev,K (2537) St Petersburg 2018}) 15... Nxe5 16. dxe5 Nxe4 17. Bxe4 dxe4 18. Qh5 g6 (18... Qd5 $11) 19. Qxh6 $16 {Strongly threatening Bg5.} Rxe5 {[#]} 20. Ng3 $1 {[%cal Rg3e4]} Qe8 ({Better is} 20... Bc5) 21. Bf4 Re6 22. Rad1 Bd7 23. Be3 (23. Bg5 $16 e3 24. Bxe3 (24. fxe3 Bc5 $14)) 23... c5 $1 $14 24. b3 Bc6 25. c4 Rd8 26. Ne2 $40 {[%mdl 128] White attacks.} Rd7 27. Qg5 (27. h4 $14) 27... Qe7 28. Rxd7 Bxd7 (28... Qxd7 $14 29. Nc3 (29. Bxc5 Bxc5 30. Qxc5 Qd2 $17) 29... Qd3) 29. Rd1 Qxg5 30. Bxg5 Bc6 31. Be3 Kf8 32. Nc3 f5 33. h4 Ke8 34. g3 Re5 (34... Kf8 $16 {keeps fighting.}) 35. Kf1 Bc7 36. Bf4 Re7 {White should prevent ...Bxf4.} 37. Bxc7 Rxc7 $18 {[%mdl 4096] Endgame KRB-KRN} 38. Ke2 Ke7 (38... Rg7 $16 39. Ke3 Rg8) 39. Ke3 Ke6 {intending ...Ke5.} 40. Ne2 Ke5 41. Nf4 Rg7 {[#]} 42. Rd8 $1 g5 43. hxg5 Rxg5 44. Ra8 Kd6 45. Rxa5 $2 (45. Rh8 $18) 45... Rg8 $14 46. Ne2 Rd8 {The position is equal.} 47. Nf4 {aiming for Rxc5!} Rh8 48. Ne2 Rd8 49. Nf4 {Hoping for Rxc5!} Rh8 50. Ne2 {Accuracy: White = 64%, Black = 52%.} 1/2-1/2

[Event "Superbet Rapid GCT 2019"]
[Site "Bucharest"]
[Date "2019.11.07"]
[Round "4.1"]
[White "So, Wesley"]
[Black "Mamedyarov, Shakhriyar"]
[Result "1-0"]
[WhiteElo "2767"]
[BlackElo "2767"]
[Annotator "TA"]
[PlyCount "145"]
[EventDate "2019.11.06"]
[EventType "tourn"]
[EventCountry "ROU"]
[SourceTitle "playchess.com"]
[Source "ChessBase"]
[SourceQuality "1"]

{[%evp 9,145,0,0,0,0,0,0,-8,0,-16,-12,-13,13,13,26,8,25,-10,0,-38,40,29,42,25,41,35,41,34,65,70,59,54,89,86,102,92,144,133,181,189,321,320,301,302,287,297,485,190,205,198,207,139,172,135,131,100,155,145,259,95,95,104,243,29,1069,175,622,612,617,611,614,529,577,385,375,375,360,360,314,352,347,329,311,297,1395,0,0,0,0,0,0,0,0,0,0,0,0,0,0,0,0,0,0,0,0,0,0,0,0,0,0,0,59,0,79,33,128,128,278,271,281,269,204,0,97,10,354,343,12843,12843,12844,12844,12845,12845,12847,12847,12848,12848]} 1. c4 Nf6 2. Nc3 e5 3. g3 Bb4 4. e4 Bxc3 5. dxc3 d6 6. f3 {A22: English Opening: 1...e5 2 Nc3 Nf6} a5 7. Nh3 O-O $146 ({Predecessor:} 7... a4 8. Nf2 Be6 9. Bd3 Nbd7 10. Qe2 c6 11. f4 Nb6 {½-½ (63) Carlsen,M (2845)-Anand,V (2774) Karlsruhe/Baden Baden 2019}) 8. Nf2 {The position is equal.} Be6 9. Bd3 Nbd7 10. Qe2 c6 11. O-O Re8 12. Rd1 Qc7 13. Bc2 h6 14. f4 b5 (14... exf4 $1 $15 15. gxf4 Bf5) 15. cxb5 $14 cxb5 16. f5 (16. Qxb5 exf4 17. Bxf4 (17. gxf4 Bc4 $15) 17... Rab8 $15) 16... Bc4 17. Qd2 b4 $1 18. b3 (18. cxb4 axb4 19. Qxb4 Bxa2 $15) 18... Ba6 19. c4 Qa7 20. Qe3 Qc7 21. g4 Bb7 22. h4 $1 d5 (22... a4 $142) 23. g5 $1 $16 {[%cal Rg5h6]} hxg5 24. hxg5 Nxe4 (24... dxc4 {is a better defense.} 25. gxf6 Nxf6 26. bxc4 Qxc4) 25. Bxe4 dxe4 26. Qh3 e3 27. Bxe3 Rad8 $2 (27... Qc6 28. Rd5 a4) 28. f6 $2 (28. g6 fxg6 29. Bg5 (29. fxg6 Nf8 $15) 29... Rb8 $11) (28. Ng4) 28... Qc6 $18 29. Rd5 Nxf6 30. gxf6 $40 {[%mdl 128] White attacks with force.} Qxf6 31. Rxd8 Rxd8 32. Rf1 Qg6+ ({Black should try} 32... a4 33. Rc1 (33. bxa4 Qc6 $16) 33... Qc6) 33. Kh2 $1 $16 Rd6 (33... Qc2 $16 34. Qh4 Rd7) 34. Rg1 $2 (34. c5 $1 $18 {[%cal Rc5d6] and the rest is easy.} Re6 35. Rd1) 34... Qc2 35. Qh4 Qf5 (35... Qh7 $16 36. Qxh7+ Kxh7) 36. c5 $2 (36. Rg5 $1 $18 {[%cal Rg5f5]} Qf3 37. Rg3) 36... Rf6 $2 {[%mdl 8192]} (36... Rg6 $11) 37. Rg5 $2 (37. Rd1 {[%cal Rd1d8]} Qxf2+ 38. Bxf2) 37... Qe6 $2 (37... Qb1 38. Rg1 (38. Rxe5 Bc6 $16) 38... Qh7 39. Qxh7+ Kxh7) 38. Rh5 $18 {[%csl Gh4][%cal Rh5h8]} (38. Ng4 Rf1 $11) 38... Kf8 {intending ...Qd5.} 39. Bg5 Qd5 {[%csl Gb7][%cal Rd5g2]} 40. Rh8+ Ke7 {[%csl Gb7][%cal Rd5g2]} 41. Bxf6+ gxf6 {[%csl Gb7][%cal Rd5g2]} 42. Rg8 Qxc5 43. Rg4 Bd5 44. Rg1 Qc2 45. Rd1 Bf3 46. Rd3 e4 $2 {[#]} (46... Bc6 47. Re3 Ke6) 47. Re3 $2 (47. Rd5 Ke6 $18) (47. Rxf3 $1 $18 exf3 48. Qe4+ Qxe4 49. Nxe4) 47... Qd2 $11 48. Rxe4+ Bxe4 49. Qxe4+ Kf8 $1 50. Qa8+ Ke7 $1 51. Qe4+ Kf8 $1 52. Qa8+ (52. Kg1 {seems wilder.} Qxa2 53. Qc4 Kg7 54. Nd3 a4 55. Qg4+) 52... Ke7 $1 53. Qa7+ Kf8 54. Qb8+ Kg7 55. Qg3+ Kf8 56. Kh3 {Hoping for Ne4.} Qxa2 57. Ne4 Qa1 {...Qh1+ is the strong threat.} 58. Qd6+ Kg7 {And now ...Qh1+ would win.} 59. Ng3 ({Don't take} 59. Qg3+ Kh6 $16) 59... Qe5 ({Much worse is} 59... Qc3 $6 60. Kh4 $16) 60. Qd3 Qe6+ ({Black should play} 60... Qc3 $11 61. Qxc3 bxc3) 61. Kh4 (61. Kg2 $14 Kh6 62. Nf5+ Kg5 63. Ne3) 61... Qe1 (61... a4 $11) 62. Kg4 {Threatens to win with Nh5+.} Qg1 (62... Qe6+ $14 63. Kf3 Kh6) 63. Kf3 $16 Qc5 (63... Qa1 $16 {might work better.} 64. Nf5+ (64. Nh5+ Kh6 $16) 64... Kg8) 64. Nf5+ $18 Kg6 65. Ne3+ Kg7 66. Nf5+ (66. Qc4 $18 {has better winning chances.} Qe5 67. Qd4 $1 {[%mdl 512]}) 66... Kg6 $16 67. Nd6+ (67. Ne7+ $16 Kg7 68. Nf5+) 67... Kg7 $2 {[%mdl 8192] [#]} (67... f5 $11 {and Black is okay.}) 68. Ne8+ $1 $18 Kf8 $2 (68... Kh8 69. Nxf6 Kg7) 69. Qd6+ {White is clearly winning.} Qxd6 70. Nxd6 Ke7 71. Nc4 Ke6 72. Nxa5 Kd5 73. Kf4 {Accuracy: White = 52%, Black = 31%.} 1-0

[Event "Superbet Rapid GCT 2019"]
[Site "Bucharest"]
[Date "2019.11.07"]
[Round "4.2"]
[White "Aronian, Levon"]
[Black "Artemiev, Vladislav"]
[Result "1/2-1/2"]
[WhiteElo "2758"]
[BlackElo "2746"]
[Annotator "TA"]
[PlyCount "76"]
[EventDate "2019.11.06"]
[EventType "tourn"]
[EventCountry "ROU"]
[SourceTitle "playchess.com"]
[Source "ChessBase"]
[SourceQuality "1"]

{[%evp 9,76,10,22,-4,14,19,23,0,33,-10,37,37,29,30,31,39,48,33,47,35,39,35,29,27,34,44,58,65,77,60,60,56,67,0,0,0,0,0,0,0,0,0,0,0,0,0,0,0,0,0,0,0,0,-213,-115,-113,-120,-120,-151,-420,-21,0,-20,-46,0,-4,0,-26,0]} 1. e4 c5 2. Nf3 e6 3. g3 Nc6 4. Bg2 Nf6 5. Qe2 Be7 6. O-O {C00: French: Unusual White 2nd moves} (6. e5 $5 {[%cal Re5f6]} Nd5 7. d3 $11) (6. e5 Nd5 7. O-O d6 8. exd6 Qxd6 9. Rd1 Nc7 10. d4 cxd4 11. Bf4 Qd8 12. Ne5 Nd5 13. Nxc6 bxc6 {1-0 (66) Vachier Lagrave,M (2774)-Yu,Y (2763) Khanty-Mansiysk 2019}) 6... O-O 7. e5 Nd5 8. c4 {White has an edge.} Nc7 9. b3 b6 $146 ({Predecessor:} 9... f6 10. Bb2 d6 11. exd6 Qxd6 {1-0 (51) Nivala,T (2199)-Demidov,J (1921) Jyvaskyla 2014}) 10. Bb2 Bb7 11. Rd1 Qc8 12. d4 cxd4 13. Nxd4 Nxd4 14. Rxd4 {aiming for Bxb7.} Bxg2 15. Kxg2 f6 16. Rd3 fxe5 17. Bxe5 Qb7+ 18. f3 Na6 19. Nc3 Nb4 20. Rd2 Bg5 21. Ne4 (21. Rdd1 $14) 21... Bxd2 $11 22. Qxd2 Nc6 23. Nd6 Qc7 24. Bc3 Ne7 25. Qg5 {[%csl Gc3][%cal Rg5g7]} Ng6 26. Rd1 $1 Qc6 27. Qg4 Qc5 28. f4 Qc6+ 29. Kg1 $1 Qc5+ 30. Kf1 Qc6 {Strongly threatening ...Qh1+.} 31. h4 $2 (31. Kg1 $1 $11 {and White is okay.}) 31... Qh1+ (31... e5 $1 $19 32. Kg1 Rf6 33. fxe5 Qf3 34. Qxf3 Rxf3) 32. Kf2 $17 Qh2+ 33. Ke3 {[#]} Qg2 $1 {And now ...Rxf4! would win.} ({Inferior is} 33... Qxa2 34. h5 $14) 34. Qg5 $2 {[#]} (34. Qf3 $17 Qxa2 35. h5) 34... Qc2 $2 ({Black should try} 34... e5 $1 $19 {Threatens to win with ...Qc2.} 35. f5 Qc2 {[%mdl 64] Double Attack}) 35. Rd3 $11 Qc1+ 36. Kf2 $1 Qc2+ 37. Ke3 Qc1+ 38. Kf2 $1 Qc2+ {Accuracy: White = 62%, Black = 52%.} 1/2-1/2

[Event "Superbet Rapid GCT 2019"]
[Site "Bucharest"]
[Date "2019.11.07"]
[Round "4.3"]
[White "Giri, Anish"]
[Black "Le, Quang Liem"]
[Result "1-0"]
[WhiteElo "2780"]
[BlackElo "2708"]
[Annotator "TA"]
[PlyCount "61"]
[EventDate "2019.11.06"]
[EventType "tourn"]
[EventCountry "ROU"]
[SourceTitle "playchess.com"]
[Source "ChessBase"]
[SourceQuality "1"]

{[%evp 13,79,26,31,15,22,16,16,0,0,-7,12,10,7,19,52,36,33,23,36,34,41,2,9,8,66,51,85,92,397,386,373,369,360,354,346,340,346,340,396,372,393,327,297,242,881,797,5065,5061,12838,29937,1348,1357,1276,1275,1116,1092,29965,29966,29963,29967,29963,29963,29960,29963,29982,29981,29980,12806]} 1. e4 c5 2. Nf3 Nc6 3. Bb5 g6 4. O-O Bg7 5. Bxc6 bxc6 6. Re1 Nh6 7. c3 O-O 8. h3 {B31: Sicilian: 2...Nc6 3 Bb5 g6} (8. d4 cxd4 9. cxd4 d5 10. e5 f6 11. exf6 exf6 12. Nbd2 Re8 13. Nb3 Rxe1+ 14. Qxe1 Nf5 15. Bd2 Bd7 16. Nc5 Qc7 17. Rc1 Re8 {½-½ (48) Aronian,L (2758)-Le,Q (2708) Khanty-Mansiysk 2019}) 8... f5 9. e5 Nf7 10. d4 {The position is equal.} cxd4 11. cxd4 c5 12. dxc5 Bb7 13. Na3 Qc7 14. Be3 Bxf3 $146 ({Predecessor:} 14... Nxe5 15. Nxe5 Bxe5 {1-0 (54) Scherer,R (2607)-Neagu,L (2478) ICCF email 2010}) 15. Qxf3 Nxe5 16. Qg3 Qb7 {aiming for ...Nd3.} 17. Bf4 Nc6 18. Nc4 Bd4 ({Black should try} 18... Qb5 $11 19. Rac1 Rad8) 19. Qf3 $36 {[%mdl 2048] Rxe7! is the strong threat. White is more active.} Qb4 20. Rac1 Bxc5 $2 {[%mdl 8192]} (20... e6 $16 {is a better chance.}) 21. Bd2 $18 Qb5 {[#]} 22. a4 $1 {[%cal Ra4b5][%mdl 512]} Bxf2+ (22... Qxa4 23. Qd5+) 23. Qxf2 Qxa4 24. Ne5 Nxe5 25. Rxe5 e6 26. Ra5 Qb3 27. Rc7 {Hoping for Qd4.} Qxb2 28. Rxd7 {And now Qh4 would win.} a6 $2 (28... Qb6 29. Raxa7 Qxf2+ 30. Kxf2 Rxa7 31. Rxa7 Rf7 32. Ra8+ Rf8) 29. Qe3 Rf7 30. Qxe6 {[%mdl 64] Double Attack} Qb1+ {[#]} 31. Kf2 {Played: Kg1-h2} 1-0